000 00451nam a22001577a 4500
003 OSt
008 260423b |||||||| |||| 00| 0 eng d
082 _a635.64
_bS48S
100 _aSingh, Ram Anuj
245 _aStudies on Physico-Chemical Characteristics of Some Varieties of Tomato (lycopersicum esculentum Mill)
260 _aPusa, Bihar
_bHorticulture
_c1977
300 _a71P
502 _bMsc.
_d1977
650 _aHorticulture
942 _2ddc
_cT
999 _c50138
_d50138